Cities that have won a championship - Statistics

General Stats
  • This quiz has been taken 11 times
  • The average score is 9 of 13
Answer Stats
Answer % Correct
Vancouver
91%
Nashville
82%
Oklahoma city
82%
Orlando
82%
San Diego
82%
Winnipeg
82%
Buffalo
73%
Charlotte
73%
Memphis
73%
Columbus
64%
Salt Lake City
64%
Jacksonville
45%
Sacremento
0%
No matching quizzes found
Score Distribution
Percent of People with Each Score
Percentile by Number Answered
Your Score History
You have not taken this quiz